Els Mètodes comercials a la Barcelona medieval / André E. Sayous ; traducció, edició i estudi introductori per Arcadi Garcia i Sanz, Gaspar Feliu i Monfort
Descripción Física:
191 p. ; 19 cm
MARC
| LEADER | 00000nam a2200000Ia 4500 | ||
|---|---|---|---|
| 001 | 12511 | ||
| 008 | 160829s1995 xx 000 0 cat d | ||
| 080 | |a M-2-318 | ||
| 100 | |a Sayous, André-E. |9 27712 | ||
| 245 | |a Els Mètodes comercials a la Barcelona medieval / André E. Sayous ; traducció, edició i estudi introductori per Arcadi Garcia i Sanz, Gaspar Feliu i Monfort | ||
| 260 | |a Barcelona : |b Base, |c 1995 | ||
| 300 | |a 191 p. ; |c 19 cm | ||
| 490 | |a Col·lecció Santiago Sobrequés i Vidal d'Història de Catalunya ; 1 | ||
| 650 | |a Barcelona |x Comerç |x Història |x S. V/XV |9 27713 | ||
| 700 | |a García i Sanz, Arcadi, |d 1926-1998 |e traductor |9 27714 | ||
| 700 | 1 | |a Feliu i Montfort, Gaspar |e traductor |9 24473 | |
| 901 | |a Arxiu | ||
| 942 | |n 1 |2 udc | ||
| 952 | |0 0 |1 0 |4 0 |6 M2318 |7 1 |9 44518 |a Arxiu |b Arxiu |d 2016-12-01 |l 0 |o M-2-318 |p 12511 |r 2016-12-01 00:00:00 |w 2016-12-01 |y ARXIU | ||
| 999 | |c 47099 |d 47099 | ||